Score 0/20 Timer 05:00
2 Plays Today
Clue Answer % Correct
Casino card game also known as '21'Blackjack
97.3%
Tom Brady and Peyton Manning play this positionQuarterback
89.9%
Flossing can help remove this biofilm from your teethDental plaque
88.9%
Insurance company whose mascot is a duckAflac
81.9%
Group of entertainers including Frank Sinatra and Dean MartinRat Pack
74.7%
The 1 1/2 Calorie Breath Mint.Tic Tac
70.5%
1992 Sir Mix-a-Lot hit songBaby Got Back
64.7%
U.S. passenger train systemAmtrak
64.5%
Informal name for former NBA center O'NealShaq
62.9%
Song at the end of an album, often after a period of silenceHidden track
39.6%
Clue Answer % Correct
Trade name of the antidepressant FluoxetineProzac
33.6%
Famous variety of brandyCognac
31.6%
Band with the 1979 #1 hit 'My Sharona'The Knack
28.6%
Grammy winning singer of 'Feel Like Makin' Love' and 'Killing Me Softly with His Song'Roberta Flack
26%
Resin used as a wood finish or glazeShellac
22.5%
French poet Edmond Rostand's large nosed characterCyrano de Bergerac
20.6%
Co-founder (with Steve Jobs) of Apple Inc.Steve Wozniak
19.1%
Deceased, Oscar-nominated host of 'Unsolved Mysteries'Robert Stack
15%
Hard rockers known for 'I Stand Alone', 'Awake', & 'Speak'Godsmack
12.1%
19th century French novelistHonoré de Balzac
9%

You're not logged in!

Compare scores with friends on all Sporcle quizzes.
OR
Log In

Sporcle TV

Today on Sporcle TV


Watch our educational content, quiz creation guides, and fun videos on Sporcle TV.

Show Comments

Extras

Top Quizzes Today


Score Distribution

Paid Content

Your Account Isn't Verified!

In order to create a playlist on Sporcle, you need to verify the email address you used during registration. Go to your Sporcle Settings to finish the process.

Report this User

Report this user for behavior that violates our Community Guidelines.

Details: